Classic 2000s Movies by Picture - Statistics

General Stats
  • This quiz has been taken 316 times
  • The average score is 20 of 30
Answer Stats
Picture Hint Answer % Correct
2001 Harry Potter and the Philosopher's Stone
97%
2002 Spiderman
96%
2003 Pirates of the Caribbean
93%
2009 Avatar
92%
2008 Iron Man
91%
2008 Batman: The Dark Knight
90%
2001 Fellowship of the Ring
87%
2005 Revenge of the Sith
85%
2005 King Kong
82%
2003 School of Rock
81%
2006 Night at the Museum
80%
2000 American Psycho
78%
2000 Cast Away
76%
2008 Mamma Mia
74%
2009 The Hangover
74%
2005 Brokeback Mountain
72%
2000 Charlie's Angels
67%
2001 Ocean's 11
67%
2006 300
65%
2006 Casino Royale
60%
2003 Love Actually
57%
2001 Amelie
54%
2004 Napoleon Dynamite
52%
2007 No Country for Old Men
48%
2004 Eternal Sunshine of a Spotless Mind
45%
2007 I Am Legend
44%
2002 Chicago
42%
2003 Lost in Translation
40%
2006 The Departed
34%
2000 O Brother Where Art Thou
28%
No matching quizzes found
Score Distribution
Percent of People with Each Score
Percentile by Number Answered
Your Score History
You have not taken this quiz